000 00200nam a2200085 4500
100 _aElliot
245 _aThe Accent Correction Video
260 _aUSA:
_bLingua Marketing International,
_c1993.
942 _cBK
999 _c7672
_d7672